|
|
|
|
| LEADER |
00000nam a2200000 a 4500 |
| 001 |
vtls001379669 |
| 003 |
SK-MaSNL |
| 005 |
20260301071136.0 |
| 008 |
240313s1999 xo a r y slo |
| 015 |
|
|
|a SNBA2000/07-02338
|
| 020 |
|
|
|a 8088944058
|
| 035 |
|
|
|a SNK000333645
|
| 035 |
|
|
|a urn:nbn:sk:snk-amkkhn
|
| 035 |
|
|
|a urn:nbn:sk:snk-am003ap5
|
| 035 |
|
|
|a 9070EC7F-76D1-421A-9274-0832383C74D7
|
| 040 |
|
|
|a SNK
|b slo
|c SNK
|e AACR2
|
| 041 |
0 |
|
|a slo
|
| 044 |
|
|
|a xo
|c SK
|
| 080 |
|
|
|a 242
|2 1981
|
| 100 |
1 |
|
|a Cantalamessa, Raniero,
|d 1934-
|4 aut
|9 117319
|
| 240 |
1 |
0 |
|a Il Mistero del natale - Esulta, figlia di Sion
|l Slovensky
|
| 245 |
1 |
0 |
|a Tajomstvá Krista
|n [1]
|p Tajomstvo narodenia - "Raduj sa, dcéra Siona"
|c Raniero Cantalamessa ; [z talianskeho originálu preložil Peter Goga]
|
| 246 |
3 |
0 |
|a Tajomstvo narodenia
|
| 260 |
|
|
|a Bratislava
|b Serafín
|c 1999
|
| 300 |
|
|
|a 139 s.
|c 21 cm
|
| 500 |
|
|
|a Údaj o prekl. prevzatý z tiráže
|
| 504 |
|
|
|a Bibliogr. s. 138-139
|
| 650 |
0 |
7 |
|a narodenie
|2 SNKPH
|9 30051
|
| 655 |
|
7 |
|a príručky
|2 SNKPH
|9 74364
|
| 700 |
1 |
|
|a Goga, Peter
|4 trl
|9 388475
|
| 919 |
|
|
|a 80-88944-05-8
|
| 958 |
|
|
|a TL
|
| 958 |
|
|
|a NT
|
| 958 |
|
|
|a OP
|
| 958 |
|
|
|a IT
|
| 958 |
|
|
|a NS
|
| 968 |
|
|
|b IT
|
| 999 |
|
|
|c 636744
|d 638674
|
| 952 |
|
|
|t P60, <03>, [BOOK], {603}
|a SNK
|b SNK
|y PREZ
|7 0
|p 17A0222790
|o snkSC 100443/1
|i snkKSP 151/2000
|0 0
|1 0
|4 0
|d 2000-01-05
|f 1
|l 0
|r 2025-09-19 00:00:00
|w 2026-02-23
|
| 952 |
|
|
|t P60, <04>, [BOOK], {604}
|a SNK
|b SNK
|y VYP
|7 0
|p 17A0222876
|o snkSC 100443/1 D1
|i snkKSP 152/2000
|0 0
|1 0
|4 0
|d 2000-01-07
|l 0
|r 2005-01-02 00:00:00
|w 2026-02-23
|
| 952 |
|
|
|t P60, <09>, [BOOK], {629}
|a SNK
|b SNK
|y NEVYP
|7 0
|o snkC 6
|i snk6/20000110
|0 0
|1 0
|4 0
|d 2000-01-07
|l 0
|r 2005-01-02 00:00:00
|w 2026-02-23
|